header

Studies on universal grammar and typological variation (Record no. 228654)

MARC details
000 -LEADER
fixed length control field 02358nam a2200397 a 4500
082 04 - DEWEY DECIMAL CLASSIFICATION NUMBER
Classification number 415
245 00 - TITLE STATEMENT
Title Studies on universal grammar and typological variation
260 ## - PUBLICATION, DISTRIBUTION, ETC. (IMPRINT)
Place of publication Amsterdam ;
-- Philadelphia :
Name of publisher John Benjamins Pub.,
Year of publication c1997.
300 ## - PHYSICAL DESCRIPTION
Number of Pages viii, 252 p. :
Other physical details ill.
490 1# - SERIES STATEMENT
Series statement Linguistik aktuell,
500 ## - GENERAL NOTE
General note Papers presented at a conference which was held Mar. 1994, Forschungsschwerpunkt Allgemeine Sprachwissenschaft, Berlin, Ger.
505 0# - FORMATTED CONTENTS NOTE
Formatted contents note Introduction / Artemis Alexiadou & T. Alan Hall --Typological implications of a directionality constraint on projections / Hubert Haider -- Universal grammar and the typology of ergative languages / Anoop Mahajan -- Some properties of ellipsis in coordination / Chris Wilder -- Deriving the parameterisation of the mapping hypothesis / David Adger -- Syntactic dependencies and their properties : weak islands / M. Rita Manzini -- On extraction, argument binding and voice morphology in Malagasy / Paul Law -- Universals and minimalist features : checking in AgrO / Elly van Gelderen -- Genitive subjects and the VSO order / Jamal Ouhalla -- Some properties of clitics : with special reference to modern Greek / Gaberell Drachman.
650 #0 - SUBJECT ADDED ENTRY--TOPICAL TERM
Topical Term Grammar, Comparative and general
Topical Term Typology (Linguistics)
700 1# - ADDED ENTRY--PERSONAL NAME
Personal name Alexiadou, Artemis.
Personal name Hall, T. Alan.
856 40 - ELECTRONIC LOCATION AND ACCESS
Uniform Resource Identifier http://site.ebrary.com/lib/rucke/Doc?id=10492652

No items available.

© 2026 Rongo University
Contact us: librarian | system librarian | Rongo university